000 00286nam a2200133Ia 4500
100 _aMukhi Vijay
942 _cBK
654 _aComputer
245 _a''''C'''' Odysssey Networks and RDBMS
260 _bBPB Pub
_aNew Delhi
_c1992
082 _a5.13
546 _aENGLISH
999 _c22344
_d22344